| 000 | 00864nam a22002177a 4500 | ||
|---|---|---|---|
| 999 |
_c16980 _d16980 |
||
| 003 | AR-CdUCM | ||
| 008 | 190507b ||||| |||| 00| 0 spa d | ||
| 040 |
_aMUNICIPALIDAD PROVINCIAL DEL CUSCO _cBIBLIOTECA MUNICIPAL DEL CUSCO |
||
| 082 |
_23ed. _a870.9 / _bM58 |
||
| 100 |
_aMillares Carlo, Agustín _911112 |
||
| 245 | _aHistoria de la literatura latina / | ||
| 260 |
_aMéxico : _bFondo de cultura económica, _c1962. |
||
| 300 |
_a250 páginas ; _c18 cm. |
||
| 440 |
_aLiteratura latina _n33 _936767 |
||
| 505 | _aContenido : Interés de la literatura latina -- La literatura latina durante los cinco primeros siglos de la historia de Roma -- La literatura latina latina durante la época arcaica -(240-88 a. c. ) ... | ||
| 650 |
_aLiteratura _983 |
||
| 650 |
_aLatina _934590 |
||
| 650 |
_aSiglo XX _98 |
||
| 942 |
_2ddc _cLIBROS |
||
| 945 |
_arah _d07/05/2019 |
||